| 000 | 00920nam a2200253 a 4500 | ||
|---|---|---|---|
| 001 | 39294 | ||
| 003 | BD-RjUL | ||
| 005 | 20211209052947.0 | ||
| 008 | 160407s2008 bg ||||| |||| 00| 0 ben d | ||
| 020 |
_a9840746529 _cTk. 175.00 |
||
| 035 | _a(BD-RjUL)39407 | ||
| 040 |
_aBD-RjUL _bben _cBD-RjUL _dBD-RjUL |
||
| 041 | _aben | ||
| 082 |
_223 _a636.2142 _bMID 2008 |
||
| 100 |
_aমিয়া, মো. আবদুর রাজ্জাক _9126320 |
||
| 245 |
_aডেইরিবিজ্ঞান / _cমো. আবদুর রাজ্জাক মিয়া |
||
| 260 |
_aঢাকা : _bবাংলা একাডেমী, _c২০০৮ |
||
| 300 |
_a[৮], ২৬৪ পৃ. ; _c২২ সেমি. |
||
| 490 |
_vবাএ ; _a৪৬৪৩ |
||
| 650 |
_aডেইরিবিজ্ঞান _9126321 |
||
| 650 |
_aDairying _9126322 |
||
| 830 |
_aবাএ ; _v৪৬৪৩ _9126328 |
||
| 942 |
_2ddc _cBK _01 |
||
| 999 |
_c39294 _d39294 |
||